| 000 | 00997nam a22002657a 4500 | ||
|---|---|---|---|
| 001 | 36584 | ||
| 003 | BD-RjUL | ||
| 005 | 20211209052515.0 | ||
| 008 | 140707s2008 ii a|||| b||| 001 0 eng d | ||
| 020 | _a9788170355366 | ||
| 020 | _a8170355362 | ||
| 035 | _a(BD-RjUL)36685 | ||
| 040 |
_aBD-RjUL _beng _cBD-RjUL |
||
| 041 | _aeng | ||
| 082 |
_222 _a636.08890959 _bAGA 2008 |
||
| 100 |
_aAgoramoorthy, Govindasamy. _9111460 |
||
| 245 |
_aAnimal welfare : _bassessing animal welfare standards in zoological and recreational parks in South East Asia / _cby Govindasamy Agoramoorthy. |
||
| 260 |
_aNew Delhi : _bDaya Pub. House, _cc2008. |
||
| 300 |
_axiii, 228, 28 p. : _bill. (some col.), maps (some col.) ; _c23 cm. |
||
| 504 | _aIncludes bibliographical references (p. [213]-222) and index. | ||
| 650 |
_aZoo animals _zSoutheast Asia. _9111461 |
||
| 650 |
_aAnimal welfare _xEvaluation. _zSoutheast Asia _9111462 |
||
| 650 |
_aZoos _xEvaluation. _zSoutheast Asia _9111463 |
||
| 942 |
_2ddc _cBK |
||
| 999 |
_c36584 _d36584 |
||